| 000 | 00452 a2200157 4500 | ||
|---|---|---|---|
| 005 | 20250614085759.0 | ||
| 020 | _a0 273 64690 7 | ||
| 082 | _aLECT 658. 9 BRO | ||
| 100 | _aBROOKS, L. | ||
| 245 | _aThe Business Environment : Challenges and Changes | ||
| 250 | _a2nd Ed. | ||
| 260 |
_aNew York, _bPearson,Education Limited, _c2000. |
||
| 300 |
_axii, 460p.: Ill.; figures & table. _bIndex _c23cm. |
||
| 700 | _aWEATHERSTON, J. | ||
| 942 |
_2ddc _cBKS |
||
| 999 |
_c4065 _d4065 |
||